000 00681nam a22001937a 4500
005 20170802145554.0
010 _aENG-119515
020 _c200.00
_a9788184655230
035 _aEN-103047
037 _bDBAD/PUB
082 _a280.66
100 _aBenjamin,S.Solomon Paul
245 _aBusiness as mission :
_cby S.Solomon Paul Benjamin
_bresource mobilization for sustainability /
260 _aDelhi
_bThe Indian Society for Promoting Christian Knowlewdge(ISPCK))
_c2015
270 _a1585,1654 Madarsa Road Kashmere Gate
_bDelhi
_e110006
300 _axvii,92p.
_c23cm(pbk)
500 _aIncludes bibliographical references
942 _2ddc
_cEN
_mBEN
_h280.66
999 _c143065
_d143065